| 000 | 01108cam a22003015i 4500 | ||
|---|---|---|---|
| 001 | 15045054 | ||
| 003 | EG-ScBUE | ||
| 005 | 20250720111026.0 | ||
| 008 | 071015s2007 enka f b 001 0 eng d | ||
| 020 | _a9780521852524 (hbk.) | ||
| 040 |
_aEG-ScBUE _beng _erda _cEG-ScBUE _dEG-ScBUE |
||
| 082 | 0 | 4 |
_a541.220113 _222 _bFIE |
| 100 | 1 |
_aField, Martin _q(Martin J.) _939571 _eauthor. |
|
| 245 | 1 | 2 |
_aA practical introduction to the simulation of molecular systems / _cMartin J. Field, Institute de Biologie Structurale-Jean-Pierre Ebel, Grenoble, France. |
| 250 | _aSecond edition. | ||
| 264 | 1 |
_aCambridge : _bCambridge University Press, _c2007. |
|
| 300 |
_axi, 339 pages : _billustrations ; _c26 cm |
||
| 336 |
_2rdacontent _atext _btxt |
||
| 337 |
_aunmediated _2rdamedia _bn |
||
| 338 |
_avolume _bnc _2rdacarrier |
||
| 500 | _aPrevious edition : 1999. | ||
| 500 | _aIncludes Appendices. | ||
| 504 | _aIncludes bibliographical references and index. | ||
| 650 | 7 |
_aMolecules _xModels _xComputer simulation. _2BUEsh _923034 |
|
| 653 |
_bENGGEN _cMarch2016 |
||
| 655 | _vReading book | ||
| 942 |
_2ddc _cBB |
||
| 999 |
_c21430 _d21402 |
||